000 00529nam a2200193Ia 4500
003 GCL
008 140319s9999 xx 000 0 eng d
040 _aGCL /
_cGCL
082 0 4 _a193.2
_bV P
100 1 _aVAILQUIN, JEAN
245 1 0 _aLES PENSEURS GRACS AVANT SOCRATE DE THALES DE MILET A PRODICAS /
_cVAILQUIN, JEAN
260 _a[S.N] :
_bGF - FLAMMARION ،
_c1964
300 _a243 P
650 0 4 _aPHILOSOPHY
650 0 4 _aGREEK - PHILOSOPHY
650 0 4 _aSOCRATES
650 0 4 _aPHILOSOPHY - THEORY
942 _2ddc
_cBK
999 _c15998
_d15998